000
00275nam a22001217a 4500
008
171220b xxu||||| |||| 00| 0 eng d
041
_a
eng
080
_a
61
100
_a
3
101
_a
SHM
245
_a
ADVANCED CLINICAL MRI PRACTICUM
_c
TANENBAUM.L.N
942
_2
udc
_c
BK
999
_c
39202
_d
39202